书目信息 |
| 题名: |
台风
|
|
| 作者: | 王志烈 , 许以平 编 | |
| 分册: | ||
| 出版信息: | 北京 气象出版社 1983 |
|
| 页数: | 114页 | |
| 开本: | 19cm | |
| 丛书名: | 气象知识丛书 | |
| 单 册: | ||
| 中图分类: | P444 | |
| 科图分类: | ||
| 主题词: | 台风--普及读物 , 天气学 | |
| 电子资源: | ||
| ISBN: | ||
| 000 | 00722nam2 2200289 45 | |
| 001 | 0183006728 | |
| 005 | 20040521153639.8 | |
| 010 | @dCNY0.33 | |
| 091 | @a13194.0146 | |
| 100 | @a19950413d1983 em y0chiy0121 ea | |
| 101 | 0 | @achi |
| 102 | @aCN@b110000 | |
| 105 | @ay z 000yy | |
| 106 | @ar | |
| 200 | 10 | @a台风@Atai feng@f王志烈, 许以平编 |
| 210 | @a北京@c气象出版社@d1983 | |
| 215 | @a114页@d19cm | |
| 225 | 2 | @a气象知识丛书 |
| 410 | 0 | @120010@a气象知识丛书 |
| 606 | @a台风@x普及读物 | |
| 606 | 0 | @a天气学 |
| 690 | @aP444 | |
| 701 | 0 | @a王志烈@Awang zhi lie@4编 |
| 701 | 0 | @a许以平@Axu yi ping@4编 |
| 801 | 0 | @aCN@b上海图书馆@c20040521 |
| 801 | 2 | @aCN@bNLC@c20040521 |
| 905 | @f1@b97752@dP444@e4 | |
| 台风/王志烈, 许以平编.-北京:气象出版社,1983 |
| 114页;19cm.-(气象知识丛书) |
| ISBN :CNY0.33 |
| ● |
| 相关链接 |
|
|
|
|
正题名:台风
索取号:P444/4
 
预约/预借
| 序号 | 登录号 | 条形码 | 馆藏地/架位号 | 状态 | 备注 |
| 1 | 0097752 | 000626736 | 第三借阅区/ [索取号:P444/4] | 在馆 | |
| 2 | 0097753 | 202106461 | 第二样本阅览室/ [索取号:P444/4] | 在馆 |